Представление документа в формате RUSMARC

ПолеНазваниеЗначение
  Тип записи a
  Библиографический уровень m
001 Контрольный номер UONB/MAIN/14e3062da9c44310a6306f7e6c2f713d
005 Дата корректировки 20240131005930.9
010 Индекс ISBN __
d Цена 1 р. 40 к.
9 Тираж 350 экз.
100 Данные общей обработки __
a Данные общей обработки 20231228d1989 u y0rusy0189 ca
101 Язык документа 0_
a Язык текста rus
102 Страна публикации __
a Страна публикации RU
105 Кодированные данные (монография) __
a Кодированные данные (монография) a z 001yy
200 Заглавие и сведения об ответственности 1_
a Заглавие Прогрессивная технология и применение ЭВМ в литейном производстве
e Сведения, относящиеся к заглавию сб. науч. тр.
f Первые сведения об ответственности Рыбин. авиац. технол. ин-т
g Последующие сведения об ответственности редкол.: В.М. Воздвиженский (отв. ред.) [и др.]
203 Вид содержания и тип средства __
a Вид содержания Текст
b Характеристика содержания визуальный
c Тип средства непосредственный
210 Выходные данные 1_
a Место издания Ярославль
c Издательство Яросл. политехн. ин-т
d Дата издания 1989
215 Физическое описание __
a Объем 138, [1] с.
d Формат 23 см
c Иллюстрации/тип воспроизводства ил.
320 Библиография __
a Библиография Библиогр. в конце ст.
606 Тематические рубрики 0_
a Основная рубрика Литейное производство
j Формальный подзаголовок Сборники
x Основная подрубрика Технологическое проектирование
x Основная подрубрика Математические методы
610 Ключевые слова 0_
a Ключевые слова технологическое проектирование; литейное производство
675 Индекс УДК __
a Индекс УДК 6П4.1
686 Индексы других классификаций __
a Классификационный индекс 34.61
2 Код системы rubbk
702 Вторичная интеллектуальная ответственность _1
a Фамилия Воздвиженский
b Имя (инициалы) В.М.
g Полное личное имя Вилен Михайлович
4 Код отношения 340
712 Наименование организации (Вторичная ответственность) 02
a Организация/ юрисдикция Рыбинский авиационный технологический институт
4 Код отношения 570
801 Источник записи _0
a Страна RU
b Организация Ульяновская ОНБ
c Дата составления 20231228
g Правила каталогизации RCR
801 Источник записи _1
a Страна RU
b Организация Ульяновская ОНБ
c Дата составления 20231228
g Правила каталогизации RCR
901 Тип документа __
t Тип документа m
909 Создатель записи __
a Создатель записи Полина
b Дата создания записи 20231228